Estudio de prefactibilidad para la puesta en marcha de una cafetería con un concepto minimalista en la ciudad de Managua durante el periodo 2022-2026
La investigación presenta un estudio de prefactibilidad para la puesta en marcha de una cafetería con un concepto minimalista en la ciudad de Managua durante el periodo 2002-2026. Se determina el segmento y la participación en el mercado meta del servicio de cafetería para la definición de estr...
| Main Authors: | , |
|---|---|
| Other Authors: | |
| Format: | Tesis Section = Libro |
| Language: | Undetermined Spanish |
| Published: |
Managua
UNI
2022
|
| Subjects: |
| LEADER | 01292nam a2200277Ia 4500 | ||
|---|---|---|---|
| 008 | 240830s9999 xx 000 0 und d | ||
| 040 | |a BIBLIOTECA-RUPAP/ Mon 658.11 L129 | ||
| 041 | |a spa | ||
| 082 | |a Mon 658.11 L129 | ||
| 100 | 1 | |a Lacayo Torres, Naly Camila | |
| 100 | 1 | |b Soto Vallejos, Romelia Katherine | |
| 245 | 1 | 0 | |a Estudio de prefactibilidad para la puesta en marcha de una cafetería con un concepto minimalista en la ciudad de Managua durante el periodo 2022-2026 |
| 260 | |a Managua |b UNI |c 2022 | ||
| 300 | |a 213 p. :il. | ||
| 500 | |a Contiene: anexos y CD. | ||
| 502 | |a Tesis (Ingeniero Industrial) - UNI, 2022. | ||
| 520 | 3 | |a La investigación presenta un estudio de prefactibilidad para la puesta en marcha de una cafetería con un concepto minimalista en la ciudad de Managua durante el periodo 2002-2026. Se determina el segmento y la participación en el mercado meta del servicio de cafetería para la definición de estrategias que evalúen la aceptación del producto. | |
| 650 | 7 | |a EMPRESAS-PROYECTOS | |
| 650 | 7 | |b ESTUDIOS DE FACTIBILIDAD | |
| 650 | 7 | |c DESARROLLO DE NEVOS PRODUCTOS | |
| 650 | 7 | |d ESTUDIO DE MERCADO | |
| 650 | 7 | |e ESTUDIO FINANCIERO | |
| 700 | 1 | |a Tutor: |b Vílchez Torres, Marcos Luis | |
| 942 | |c BK |2 ddc | ||
| 991 | |a TESIS | ||
| 999 | |c 19119 | ||